ბათუმის შოთა რუსთაველის სახელმწიფო უნივერსიტეტის ბიბლიოთეკა

Растение и среда т.3 (ბიბ.ჩანაწერი № 46480)

000 -LEADER
fixed length control field 00492nam a2200193Ia 4500
001 - CONTROL NUMBER
control field 13319
003 - CONTROL NUMBER IDENTIFIER
control field GE_BSU
008 - FIXED-LENGTH DATA ELEMENTS--GENERAL INFORMATION
fixed length control field 181216s||||||||xx |||||||||||||| ||und||
040 ## - CATALOGING SOURCE
Transcribing agency GE_BSU
080 ## - UNIVERSAL DECIMAL CLASSIFICATION NUMBER
Universal Decimal Classification number 581.51
245 ## - TITLE STATEMENT
Title Растение и среда т.3
245 ## - TITLE STATEMENT
Statement of responsibility, etc. Отв.ред.В.Н.Сукачев
260 ## - PUBLICATION, DISTRIBUTION, ETC.
Place of publication, distribution, etc. Москва
260 ## - PUBLICATION, DISTRIBUTION, ETC.
Name of publisher, distributor, etc. Изд-во АНСССР
260 ## - PUBLICATION, DISTRIBUTION, ETC.
Date of publication, distribution, etc. 1952
300 ## - PHYSICAL DESCRIPTION
Extent 238стр.илл.27см.
653 ## - INDEX TERM--UNCONTROLLED
Uncontrolled term Растение и среда
942 ## - ADDED ENTRY ELEMENTS (KOHA)
Koha item type წიგნი
ეგზემპლარები
Withdrawn status Lost status Damaged status Not for loan Date acquired Barcode Date last seen Price effective from Koha item type
        2018-12-17 20849 2018-12-17 2018-12-17 წიგნი